| 000 | 01097nam a22002537a 4500 | ||
|---|---|---|---|
| 005 | 20170124102928.0 | ||
| 010 | _aB-145193 | ||
| 020 |
_c260.00 _a8186786147 |
||
| 035 | _aB-145193 | ||
| 037 | _bCen Lib/Ret | ||
| 040 |
_aDPL _bHN |
||
| 082 |
_a737.4954 _bझाअमि |
||
| 100 |
_a झा, अमितेशवर _947813 |
||
| 245 |
_aभारतीय सिक्के : _cअमितेश्वर झा _bएक ऐतिहासिक परिचय / |
||
| 246 |
_aBhartiya sikke : ek aitihasik parichay / _bby Amiteshvar Jha |
||
| 260 |
_aमहाराष्ट्रा _bइ इ र न स पब्लिकेशन _c2003 |
||
| 270 |
_aप . ओ. अंजनेरी _bनासिक _e422213 |
||
| 300 |
_a160 पृ. : _c22सेमी (सजिल्द) _bरंगीन चित्र |
||
| 650 |
_aभारतीय ईतिहास _947814 |
||
| 650 |
_aभारतीय--सिक्के _947815 |
||
| 650 |
_aIndian History _947816 |
||
| 650 |
_aHistory--Coins _947817 |
||
| 942 |
_2ddc _cHN _h737.4954 _mझाअमि |
||
| 999 |
_c111717 _d111717 |
||